• Fina Giuseppe

di Personal Name

Records bibliografici associati: 2

001 - CONTROL NUMBER

  • control field: 54591

003 - CONTROL NUMBER IDENTIFIER

  • control field: IT-RoPau

005 - DATE AND TIME OF LATEST TRANSACTION

  • control field: 20151203212556.0

008 - FIXED-LENGTH DATA ELEMENTS

  • fixed length control field: 151203|| aca||aabn | a|a d

040 ## - CATALOGING SOURCE

  • Original cataloging agency: IT-RoPau
  • Transcribing agency: IT-RoPau

100 ## - HEADING--PERSONAL NAME

  • Personal name: Fina Giuseppe
  • Relator term: (regista)
  • Miscellaneous information: Codice regista SPICS: 18599

670 ## - SOURCE DATA FOUND

  • Source citation: Work cat.: (IT-RoPau)108118: Fina Giuseppe Codice regista SPICS: 18599 54589, ATTENTATO AL PAPA ATTENTATO AL PAPA (Rif. Codice opera principale : 48292)
CREDITS: SOCIETA' SAN PAOLO Via A.Severo, 58 - ROMA (RM) & PERIODICI SAN PAOLO SRL Via Giotto, 36 MILANO & CISF Via Giotto, 36 MILANO & EDIZIONI SAN PAOLO SRL,  Piazza Soncino, 5 CINISELLO BALSAMO (MI) -- ITALY